00636 2200217 4500001002100000005001700021008004100038020002200079035002500101040001200126082001100138084002100149100001800170245009600188260003700284300002900321500001600350650001900366850001200385990002100397INLIS00000000001709820160203140825.0  a978-602-258-067-6 a0010-021600000000186 aYOPDYOG a297.54 aDEP 297.54 Hil P aHILMAN LATIEF aPolitik filantropi islam di IndonesiabNegara, pasar, dan masyarakat sipilc/ Hilman Latief aYogyakartabPenerbit Ombakc2013 axviii, 226 hlm. ; 21 cm. abibliografi aIslam -- Zakat aYOPDYOG aCB-D.11/2013-910